BIBLIOTECA

SENCICO

Houses out of the city = segundas residencias / (Registro nro. 2271)

Detalles MARC
000 -LEADER
fixed length control field 01049nam a2200253Ia 4500
003 - CONTROL NUMBER IDENTIFIER
control field PE SENCICO BE
005 - DATE AND TIME OF LATEST TRANSACTION
control field 20251020182537.0
008 - FIXED-LENGTH DATA ELEMENTS--GENERAL INFORMATION
fixed length control field 200515s9999 xx 000 0 und d
020 ## - INTERNATIONAL STANDARD BOOK NUMBER
International Standard Book Number 978-84-15829-69-0
040 ## - CATALOGING SOURCE
Original cataloging agency PE SENCICO BE
Transcribing agency PE SENCICO BE
041 ## - LANGUAGE CODE
Language code of text/sound track or separate title eng
-- spa
082 ## - DEWEY DECIMAL CLASSIFICATION NUMBER
Classification number 728
Item number H
245 10 - TITLE STATEMENT
Title Houses out of the city = segundas residencias /
Statement of responsibility, etc. Josep María Minguet [editor y director]
260 ## - PUBLICATION, DISTRIBUTION, ETC.
Place of publication, distribution, etc. Barcelona:
Name of publisher, distributor, etc. Monsa,
Date of publication, distribution, etc. 2014
300 ## - PHYSICAL DESCRIPTION
Extent 141 p.:
Other physical details il. col., fotog. col.,
Dimensions 23 cm.
500 ## - GENERAL NOTE
General note Texto en idioma inglés y español.
520 ## - SUMMARY, ETC.
Summary, etc. Las segundas residencias son aquellas por sus características y ubicación se utilizan como vivienda temporal. Habitualmente están situadas fuera de la ciudad, para así poder disfrutar de un entorno tranquilo en contacto con la naturaleza
650 10 - SUBJECT ADDED ENTRY--TOPICAL TERM
Topical term or geographic name entry element Casas de campo
9 (RLIN) 190
650 20 - SUBJECT ADDED ENTRY--TOPICAL TERM
Topical term or geographic name entry element Arquitectura moderna
9 (RLIN) 191
650 20 - SUBJECT ADDED ENTRY--TOPICAL TERM
Topical term or geographic name entry element Viviendas rurales
9 (RLIN) 192
700 1# - ADDED ENTRY--PERSONAL NAME
9 (RLIN) 193
Personal name Minguet, José María
Relator term editor
942 ## - ADDED ENTRY ELEMENTS (KOHA)
Koha item type Libros
Source of classification or shelving scheme Dewey Decimal Classification
Classification part 728
Item part H
Existencias
Fecha de la última vez que lo usaron Número de ingreso o de inventario Pago total Signatura topográfica completa Código de barras Precio efectivo desde Tipo de documento Estado perdido Sistema de clasificación Estado dañado No es para préstamo Retirado Ubicación permanente Ubicación actual Fecha de adquisición
15/05/2020 16156   7287H Bib-Lima15052271 15/05/2020 Libros   Dewey Decimal Classification       Biblioteca Central Lima Biblioteca Central Lima 15/05/2020